سنت کبير (Record no. 169838)

MARC details
000 -LEADER
fixed length control field 00571nam a22001937a 4500
005 - DATE AND TIME OF LATEST TRANSACTION
control field 20191205155147.0
010 ## - LCCN (DPL NO)
LC control number A-842660
020 ## - INTERNATIONAL STANDARD BOOK NUMBER
Terms of availability N.A.
International Standard Book Number -
035 ## - SYSTEM CONTROL NUMBER
System control number A-842660
037 ## - SOURCE OF ACQUISITION
Source of stock number/acquisition BPPD
082 ## - DEWEY DECIMAL CLASSIFICATION NUMBER
Classification number 239.1
100 ## - MAIN ENTRY--PERSONAL NAME
Personal name شا نتی سيٹھ
245 ## - TITLE STATEMENT
Title سنت کبير
Statement of responsibility, etc شا نتی سيٹھ
246 ## - VARYING FORM OF TITLE
Title proper/short title Sant Kabir
Remainder of title by Shanti Sethi
260 ## - PUBLICATION, DISTRIBUTION, ETC. (IMPRINT)
Place of publication, distribution, etc Punjab
Date of publication, distribution, etc 1993 ء
Name of publisher, distributor, etc Radha Sawmy Sat Angh Biyas
270 ## - ADDRESS
Address Dera Baba Jaimal Singh,District Amritsar
City Punjab
Telephone number -
Postal code -
300 ## - PHYSICAL DESCRIPTION
Extent 464 ص
Dimensions 22 cm(hb)
942 ## - ADDED ENTRY ELEMENTS (KOHA)
Source of classification or shelving scheme Dewey Decimal Classification
Item type Urdu Bks
Classification part 239.1
Call number suffix س ے ٹ
Holdings
Withdrawn status Lost status Not for loan Collection code Home library Current library Date acquired Source of acquisition Cost, normal purchase price Full call number Barcode Copy number Cost, replacement price Koha item type
    Ordered Non-fiction Central Library Central Library 05/12/2019 BPPD/Ven. 0.00 239.1 س ے ٹ A-842660 1 0.00 Urdu Bks

© Delhi Public Library
Hit Counter
free hit counter